Külkereskedelmi statisztikai évkönyv 1985

Guardado en:
Detalles Bibliográficos
Formato: Libro
Lenguaje:húngaro
Publicado: Budapest Statisztikai Kiadó Vállalat 1986
Edición:1. kiadás.
Etiquetas: Agregar Etiqueta
Sin Etiquetas, Sea el primero en etiquetar este registro!

MARC

LEADER 00000nam a2200000 4500
001 c033444
005 20221220071846.9
041 0 |a hun 
044 |a HU 
245 1 0 |a Külkereskedelmi statisztikai évkönyv 1985 
250 |a 1. kiadás. 
264 1 |a Budapest  |b Statisztikai Kiadó Vállalat  |c 1986 
300 |a 448 s.